书目信息 |
| 书名: | The madness of King George | |
| 作者: | Alan Bennett. | |
| 分册号: | ||
| 分册名: | 出版地: | New York : |
|
| 出版社: | Random House | |
| 出版时间: | c1995. | |
| 页数: | xxx, 81 p. ; | |
| 开本: | 21 cm. | |
| 丛书名: | ||
| 中图分类号: | ||
| 科图分类号: | ||
| 其他分类号: | I135 | |
| 主题词: | ||
| 电子资源: | http://www.loc.gov/catdir/bios/random057/95155341.html | |
| 000 | 01113cam a2200313 a 450 | |
| 001 | E0751598775 | |
| 005 | 20070320142306.28 | |
| 008 | 950519s1995 nyu 000 0 eng | |
| 010 | @a95155341 | |
| 020 | @a0679768718. | |
| 035 | @A(DLC) 95155341 | |
| 040 | @aDLC@cDLC@dDLC | |
| 050 | 00 | @aPN1997.M25377@bB46 1995 |
| 082 | 00 | @a822/.914@2 20 |
| 090 | @aI135 | |
| 099 | @dI135@ex23 | |
| 100 | 1 | @aBennett, Alan,@d1934- |
| 245 | 14 | @aThe madness of King George / @cAlan Bennett. |
| 250 | @a1st ed. | |
| 260 | @aNew York :@bRandom House,@cc1995. | |
| 300 | @axxx, 81 p. ;@c21 cm. | |
| 600 | 00 | @aGeorge@bIII,@cKing of Great Britain,@d1738-1820@xDrama. |
| 730 | 0 | @aMadness of King George (Motion picture) |
| 856 | 42 | @3 Contributor biographical information@uhttp://www.loc.gov/catdir/bios/random057/95155341.html |
| 906 | @a7@bcbc@corignew@d2@encip@f19@gy-gencatlg | |
| 920 | @a** LC HAS REQ’D # OF SHELF COPIES ** | |
| 922 | @aad | |
| 955 | @apb07 05-19-95 to Cat.; jh00 05-25-95; jh08 06-06-95; jh99 07-28-95 to DDC | |
| 991 | @bc-GenColl@hPN1997.M25377@iB46 1995@p00033874054@tCopy 1@wBOOKS | |
| The madness of King George / / Alan Bennett.-1st ed.-New York : : Random House, , c1995. |
| xxx, 81 p. ; ; 21 cm. |
| ISBN 0679768718. |
| ● |
| 相关链接 |
|
|
|
|
正题名:madness of King George
索取号:I135/x23
 
预约/预借
| 序号 | 登录号 | 条形码 | 馆藏地/架位号 | 状态 | 备注 |
| 1 | 0002786 | 300027860 | 第二样本阅览室/ [索取号:I135/x23] | 在馆 |